|
|
|
|
| LEADER |
00000nam0a2200000 4500 |
| 001 |
164630 |
| 005 |
20231031161400.0 |
| 010 |
|
|
|a 5265006990
|
| 020 |
|
|
|a RU
|b 88-86589
|
| 035 |
|
|
|a (RuTPU)RU\TPU\book\178603
|
| 090 |
|
|
|a 164630
|
| 100 |
|
|
|a 20090909d1988 m y0rusy5003 ca
|
| 101 |
0 |
|
|a rus
|
| 102 |
|
|
|a RU
|
| 105 |
|
|
|a a z 000gy
|
| 200 |
1 |
|
|a Портрет ветра
|e стихи и поэма
|f Н. Н. Зиновьев
|
| 210 |
|
|
|a Москва
|c Советский писатель
|d 1988
|
| 215 |
|
|
|a 221,[1] с.
|d 17 см
|
| 333 |
|
|
|a Исключено из фонда НТБ ТПУ
|
| 700 |
|
1 |
|a Зиновьев
|b Н. Н.
|g Николай Николаевич
|4 070
|
| 801 |
|
0 |
|a RU
|b RuMRKP
|c 19950417
|g psbo
|
| 801 |
|
1 |
|a RU
|b 63413507
|c 20090909
|
| 801 |
|
2 |
|a RU
|b 63413507
|c 20170516
|g RCR
|
| 942 |
|
|
|c BK
|